Countries of the World in German - Statistics

General Stats
  • This quiz has been taken 16,522 times
  • The average score is 89 of 196
Answers on the Map
Answers color-coded by a green-red scale on the quiz's map according to % correct below.
 
Answer Stats
Country % Correct
Deutschland
95%
Frankreich
91%
Kanada
90%
Russland
90%
Italien
89%
Österreich
88%
Polen
88%
Spanien
88%
China
87%
Portugal
87%
Schweiz
86%
Finnland
85%
Schweden
84%
Ukraine
84%
Japan
83%
Australien
82%
Irland
82%
Türkei
82%
Belgien
81%
Brasilien
81%
Dänemark
81%
Indien
81%
Norwegen
81%
Mexiko
80%
Niederlande
80%
Griechenland
78%
Island
78%
Argentinien
75%
Chile
75%
Kroatien
75%
Nordkorea
75%
Südafrika
75%
Südkorea
75%
Tschechien
74%
Weißrussland
74%
Ägypten
73%
Estland
73%
Lettland
73%
Vereinigte Staaten
72%
Albanien
71%
Iran
71%
Niger
69%
Ungarn
69%
Irak
68%
Litauen
68%
Luxemburg
67%
Madagaskar
67%
Marokko
67%
Rumänien
66%
Vereinigtes Königreich
66%
Neuseeland
65%
Peru
65%
Serbien
65%
Bulgarien
64%
Slowakei
64%
Saudi-Arabien
63%
Slowenien
63%
Thailand
63%
Israel
62%
Mongolei
61%
Indonesien
60%
Afghanistan
59%
Demokratische Republik Kongo
59%
Nigeria
59%
Pakistan
59%
Kasachstan
58%
Vietnam
57%
Algerien
56%
Kolumbien
56%
Kuba
56%
Kosovo
55%
Syrien
55%
Venezuela
55%
Liechtenstein
54%
Panama
53%
Uruguay
53%
Bolivien
52%
Sudan
51%
Zypern
50%
Nepal
49%
Oman
49%
Malta
48%
Tunesien
48%
Andorra
47%
Jemen
47%
Paraguay
47%
Bangladesch
45%
Philippinen
45%
Ecuador
44%
Georgien
44%
Ghana
44%
Mazedonien
44%
Montenegro
44%
Somalia
44%
Sri Lanka
43%
Taiwan
42%
Mali
41%
Moldawien
41%
Libyen
40%
Monaco
40%
Südsudan
40%
Usbekistan
40%
Armenien
39%
Bosnien und Herzegowina
39%
Katar
39%
Namibia
39%
Costa Rica
38%
Haiti
38%
Jamaika
38%
Kenia
38%
Laos
38%
Turkmenistan
38%
Vatikanstadt
38%
Elfenbeinküste
37%
Malaysia
37%
Angola
36%
San Marino
36%
Vereinigte Arabische Emirate
36%
Honduras
35%
Jordanien
35%
Tschad
35%
Bhutan
34%
Togo
34%
Äthiopien
33%
Guatemala
33%
Senegal
33%
Dominikanische Republik
32%
Guinea
32%
Aserbaidschan
31%
Bahamas
31%
El Salvador
31%
Libanon
31%
Guyana
30%
Papua-Neuguinea
30%
Singapur
30%
Uganda
30%
Kambodscha
28%
Eritrea
27%
Kamerun
27%
Nicaragua
27%
Tansania
27%
Malediven
26%
Suriname
26%
Belize
25%
Botswana
25%
Kuwait
25%
Lesotho
25%
Simbabwe
24%
Benin
23%
Tadschikistan
23%
Burkina Faso
22%
Mosambik
22%
Zentralafrikanische Republik
22%
Bahrain
21%
Gambia
21%
Liberia
21%
Mauretanien
21%
Sambia
21%
Fidschi
20%
Kirgisistan
20%
Ruanda
20%
Mauritius
19%
Seychellen
19%
Malawi
18%
Burundi
17%
Guinea-Bissau
17%
Republik Kongo
17%
Sierra Leone
17%
Barbados
16%
Brunei
16%
Dominica
16%
Gabun
16%
Kap Verde
16%
Äquatorial-Guinea
15%
Dschibuti
14%
St. Lucia
14%
Swasiland
14%
Tonga
14%
Tuvalu
14%
Birma
13%
Osttimor
13%
Palau
13%
Trinidad und Tobago
13%
Kiribati
12%
Samoa
12%
Nauru
11%
St. Vincent und die Grenadinen
11%
Vanuatu
11%
Grenada
10%
Komoren
10%
Marshallinseln
9%
Antigua und Barbuda
8%
São Tomé und Príncipe
8%
St. Kitts und Nevis
8%
Salomonen
7%
Föderierte Staaten von Mikronesien
5%
No matching quizzes found
Score Distribution
Percent of People with Each Score
Percentile by Number Answered
Your Score History
You have not taken this quiz